000 00313nam a22001457a 4500
008 221124b ||||| |||| 00| 0 eng d
020 _a9781584265252
041 _aeng
080 _a61
082 _a61SMI
100 _a4
101 _aMJK
245 _aBASIC CURRENT PROCEDURAL
_cSMITH I G
942 _2udc
_cBK
999 _c59036
_d59036